Consideraciones metodólogicas sobre la historia del derecho

Zapisane w:
Opis bibliograficzny
1. autor: Martiré, Eduardo (autor)
Format: Książka
Język:hiszpański
Wydane: Buenos Aires Perrot 1977
Seria:Lecciones de Historia Jurídica, 4
Hasła przedmiotowe:
Etykiety: Dodaj etykietę
Nie ma etykietki, Dołącz pierwszą etykiete!

MARC

LEADER 00000nam a2200000 a 4500
001 UCI2401
003 CL-VaPUC
008 070824e19770000AG |||||||||||||||||spa|d
082 0 4 |a 340.5  |b MAR  |2 21 
100 |a Martiré, Eduardo  |e autor  |9 529951 
245 1 0 |a Consideraciones metodólogicas sobre la historia del derecho 
300 |a 35 p 
942 |c BK 
945 |d 20070824 00:00:00  |a rbrito 
260 |a Buenos Aires  |b Perrot  |c 1977 
650 0 |a Historia del derecho  |9 255109 
583 |a last modification  |c 20070824 00:00:00  |k Rodrigo Vera 
490 0 |a Lecciones de Historia Jurídica, 4 
999 |c 326986  |d 326984 
952 |0 0  |1 0  |2 ddc  |4 0  |6 340_500000000000000_MAR_1977  |7 0  |8 A  |9 409321  |a BIBDER  |b BIBDER  |d 2019-11-22  |i 4167163  |o 340.5 MAR 1977  |p 4167163  |r 2023-01-25  |w 2019-11-22  |y MX  |k DER